00512nam a2200157 a 450000100060000000300090000600800410001502000150005604000280007108200170009910000540011624501030017026000420027330000110031565000280032617019CO-ViMGA141112s2004 ck r 000 u spa d a8487767958 aCO-ViMGAbspacCO-ViMGA04a370.15 A267d1 aAcosta, Victor M.; Leon , Sergio; Ramos, Victoria10aDificultades del habla infantil , un enfoque clínico : bInvestigación , teoría y práctica aMálaga (España), cAljibe, c1998 a197.p.14aTRASTORNOS DEL LENGUAJE